000 00641cam a22002293a 4500
001 10390
003 PGUSA
005 20140828083223.0
008 031201s2003||||xxu|||||s|||||000 | eng d
040 _aPGUSA
_beng
042 _adc
050 4 _aBF
100 1 _aTroward, T.
_q(Thomas),
_d1847-1916
245 1 4 _aThe Edinburgh Lectures on Mental Science
_h[electronic resource] /
_cT. Troward
260 _bProject Gutenberg,
_c2003
506 _aPublic domain in the USA.
516 _aElectronic text
653 _aNew Thought
830 0 _aProject Gutenberg
_v10390
856 4 0 _uhttp://www.gutenberg.org/ebooks/10390
942 _cEB
999 _c239645
_d239645